[Event "Thessaloniki Cup Final 4"]
[Site "Thessaloniki"]
[Date "2020.09.20"]
[Round "2.2"]
[White "Kafantaris, Pavlos"]
[Black "Ballas, Kleon Evangelos"]
[Result "1-0"]
[WhiteElo "1576"]
[BlackElo "1989"]
[PlyCount "53"]
[EventDate "2020.09.19"]
[EventType "team-k.o."]
[EventRounds "2"]
[EventCountry "GRE"]
[SourceTitle "CBM 198 Extra"]
[Source "ChessBase"]
[SourceDate "2020.11.30"]
[SourceVersion "1"]
[SourceVersionDate "2020.11.30"]
[SourceQuality "1"]
[WhiteTeam "Triandrias"]
[BlackTeam "Kalamarias"]
[WhiteTeamCountry "GRE"]
[BlackTeamCountry "GRE"]

1. d4 Nf6 2. Nf3 d5 3. Bf4 e6 4. e3 Bd6 5. Bg3 c5 6. c3 Nc6 7. Nbd2 0-0 8. Bd3 Ne7 9. 0-0 c4 10. Bc2 Nf5 11. e4 Nxg3 12. hxg3 dxe4 13. Nxe4 b5 14. Nxd6 Qxd6 15. Ne5 Ba6 16. a3 Rfc8 17. g4 Bb7 18. g5 Nd7 19. Bxh7+ Kf8 20. Nxd7+ Qxd7 21. Bc2 Qd5 22. Qg4 Ke7 23. Rfe1 Qd6 24. Be4 Bxe4 25. Qxe4 Kd7 26. Qb7+ Kd8 27. Qxf7 1-0